00000000nam##2200000za#4500
0019.696474
003CaOODSP
00520210927150506
007cr |||||||||||
008150407|1984||||xxc|||||o    f|0| 0 eng|d
040 |aCaOODSP|beng
043 |an-cn---
0861 |aR32-266/1984E-PDF
1101 |aCanada. |bIndian and Northern Affairs Canada.
24510|aBritish Columbia Indian treaties in historical perspective / |h[electronic resource]|cby Dennis F.K. Madill; for Research Branch, Corporate Policy.
260 |aOttawa - Ontario : |bIndian and Northern Affairs |c1981.
300 |a72p.
504 |aBibliography.
590 |a12-33-Supp|b2012-07-18
69007|aAgreements|2gcpds
7201 |aMadill, Dennis F. K.
77508|tHistorique des traités avec les Indiens de la Colombie-Britannique / |w(CaOODSP)9.640589
85640|ahttp://publications.gc.ca|qPDF|s218 KB|uhttps://publications.gc.ca/collections/collection_2012/ainc-inac/R32-266-1984-eng.pdf